[Event "IECG WC.2003.F.00004 email"]
[Site "IECG email"]
[Date "2003.12.20"]
[Round "?"]
[White "Lambert, Andreas"]
[Black "Salai, Josip"]
[Result "1/2-1/2"]
[WhiteElo "2190"]
[BlackElo "2148"]
[PlyCount "59"]
[EventDate "2003.12.20"]
[EventType "tourn (corr)"]
[EventRounds "14"]
[SourceTitle "Corr 2008"]
[Source "ChessBase"]
[SourceDate "2008.06.24"]
[SourceVersion "1"]
[SourceVersionDate "2008.06.24"]
[SourceQuality "1"]

1. d4 Nf6 2. c4 e6 3. Nf3 d5 4. Nc3 c6 5. e3 Nbd7 6. Qc2 Bd6 7. g4 Bb4 8. Bd2 Qe7 9. Rg1 Bxc3 10. Bxc3 Ne4 11. 0-0-0 b6 12. Be1 Bb7 13. Ne5 Nxe5 14. dxe5 Nc5 15. f4 0-0-0 16. Bb4 Nd3+ 17. Bxd3 Qxb4 18. cxd5 Rxd5 19. Bc4 Rxd1+ 20. Rxd1 Rd8 21. f5 Rxd1+ 22. Kxd1 c5 23. e4 b5 24. fxe6 fxe6 25. Bxe6+ Kc7 26. Qd3 Bxe4 27. Qd6+ Kb7 28. Qd7+ Kb6 29. Qd8+ Kc6 30. Qd7+ 1/2-1/2

[Event "IECG WC.2003.F.00004 email"]
[Site "IECG email"]
[Date "2003.12.20"]
[Round "?"]
[White "Salai, Josip"]
[Black "Kunzmann, Hector AT"]
[Result "1-0"]
[WhiteElo "2148"]
[BlackElo "2173"]
[PlyCount "79"]
[EventDate "2003.12.20"]
[EventType "tourn (corr)"]
[EventRounds "14"]
[SourceTitle "Corr 2008"]
[Source "ChessBase"]
[SourceDate "2008.06.24"]
[SourceVersion "1"]
[SourceVersionDate "2008.06.24"]
[SourceQuality "1"]

1. Nf3 Nf6 2. d4 c5 3. d5 b5 4. Bg5 Ne4 5. Bf4 Bb7 6. a4 b4 7. c4 e6 8. Qd3 Nf6 9. e4 exd5 10. exd5 d6 11. Be2 Be7 12. Nbd2 Nbd7 13. 0-0-0 0-0 14. b3 a5 15. h3 Re8 16. Rhe1 Qc7 17. Qc2 Ne5 18. Nxe5 dxe5 19. Be3 Rad8 20. g4 Nd7 21. g5 Nf8 22. h4 Bd6 23. h5 Bc8 24. Rh1 Kh8 25. Bd3 Re7 26. Rdg1 Qb6 27. g6 h6 28. Bxh6 gxh6 29. g7+ Kg8 30. gxf8Q+ Kxf8 31. Bh7 Ree8 32. Ne4 Ke7 33. Qd2 Kd7 34. Nf6+ Kc7 35. Nxe8+ Rxe8 36. Qxh6 Kb8 37. Rg8 Rxg8 38. Bxg8 Qc7 39. Bxf7 e4 40. Qg6 1-0

[Event "IECG WC.2003.F.00004 email"]
[Site "IECG email"]
[Date "2003.12.20"]
[Round "?"]
[White "Van Seben, Edgar"]
[Black "Salai, Josip"]
[Result "1/2-1/2"]
[WhiteElo "2158"]
[BlackElo "2148"]
[PlyCount "73"]
[EventDate "2003.12.20"]
[EventType "tourn (corr)"]
[EventRounds "14"]
[SourceTitle "Corr 2008"]
[Source "ChessBase"]
[SourceDate "2008.06.24"]
[SourceVersion "1"]
[SourceVersionDate "2008.06.24"]
[SourceQuality "1"]

1. d4 Nf6 2. c4 e6 3. Nc3 d5 4. cxd5 exd5 5. Bg5 c6 6. e3 Be7 7. Bd3 Nbd7 8. Qc2 0-0 9. Nf3 Re8 10. 0-0 Nf8 11. Rab1 a5 12. a3 Ng6 13. b4 axb4 14. axb4 Ne4 15. Bxe7 Qxe7 16. b5 Nxc3 17. Qxc3 Bg4 18. Nd2 Qg5 19. bxc6 Bh3 20. g3 bxc6 21. Rfc1 Ne7 22. Nf3 Qh5 23. Ne1 Bf5 24. Bxf5 Qxf5 25. Nd3 Rab8 26. Rxb8 Rxb8 27. Ne5 Rc8 28. Qb4 Qe6 29. Qb7 f6 30. Nd3 Qd6 31. Ra1 Rb8 32. Ra8 Rxa8 33. Qxa8+ Kf7 34. Nc5 h6 35. g4 Qc7 36. h3 Qc8 37. Qxc8 1/2-1/2

[Event "IECG WC.2004.S.00009 email"]
[Site "IECG email"]
[Date "2002.05.08"]
[Round "?"]
[White "Salai, Josip"]
[Black "Kampel, Guido"]
[Result "1/2-1/2"]
[WhiteElo "2094"]
[BlackElo "2392"]
[PlyCount "48"]
[EventDate "2002.05.08"]
[EventType "tourn (corr)"]
[EventRounds "8"]
[SourceTitle "Corr 2008"]
[Source "ChessBase"]
[SourceDate "2008.06.24"]
[SourceVersion "1"]
[SourceVersionDate "2008.06.24"]
[SourceQuality "1"]

1. Nf3 f5 2. g3 Nf6 3. Bg2 g6 4. 0-0 Bg7 5. d4 0-0 6. c4 d6 7. Nc3 Nc6 8. d5 Ne5 9. Nxe5 dxe5 10. Qb3 h6 11. c5 Kh8 12. Rd1 g5 13. Bd2 a6 14. Na4 Qe8 15. Ba5 Bd7 16. Nc3 b6 17. cxb6 cxb6 18. Qxb6 e4 19. Rd2 Qh5 20. Rc1 Rfc8 21. Rdc2 Rab8 22. Qxa6 Ra8 23. Qb6 Rab8 24. Qa6 Ra8 1/2-1/2

[Event "IECG WC.2004.S.00009 email"]
[Site "IECG email"]
[Date "2002.05.08"]
[Round "?"]
[White "Seipel, Andreas"]
[Black "Salai, Josip"]
[Result "1-0"]
[WhiteElo "2215"]
[BlackElo "2094"]
[PlyCount "81"]
[EventDate "2002.05.08"]
[EventType "tourn (corr)"]
[EventRounds "8"]
[SourceTitle "Corr 2008"]
[Source "ChessBase"]
[SourceDate "2008.06.24"]
[SourceVersion "1"]
[SourceVersionDate "2008.06.24"]
[SourceQuality "1"]

1. d4 Nf6 2. c4 e6 3. Nf3 b6 4. g3 Ba6 5. b3 Bb4+ 6. Bd2 Be7 7. Bg2 c6 8. Bc3 d5 9. Ne5 Nfd7 10. Nxd7 Nxd7 11. Nd2 0-0 12. 0-0 Rc8 13. e4 b5 14. Re1 dxe4 15. Bxe4 c5 16. cxb5 Bxb5 17. d5 exd5 18. Bxd5 Nb6 19. Bg2 Re8 20. Qh5 Bf6 21. Rxe8+ Bxe8 22. Bxf6 Qxf6 23. Re1 Qc3 24. Qe2 Bd7 25. Bh3 f5 26. Qd1 Rf8 27. Qc1 Qxc1 28. Rxc1 Rc8 29. f4 a5 30. Rd1 g6 31. Bf1 Bc6 32. Nc4 Nxc4 33. Bxc4+ Kf8 34. a4 Rc7 35. Rd6 Kg7 36. Kf2 Kf8 37. Re6 Kg7 38. Ke2 Kh8 39. Kd2 Kg7 40. Kc3 Kh6 41. Be2 1-0

[Event "IECC CL1-2002.03"]
[Site "IECC email"]
[Date "2002.02.26"]
[Round "?"]
[White "Alvarez Villar, Horacio Nelson"]
[Black "Salai, Josip"]
[Result "1/2-1/2"]
[WhiteElo "2246"]
[BlackElo "2153"]
[PlyCount "61"]
[EventDate "2002.??.??"]
[EventType "tourn (corr)"]
[EventRounds "4"]
[SourceTitle "Corr 2008"]
[Source "ChessBase"]
[SourceDate "2008.06.24"]
[SourceVersion "1"]
[SourceVersionDate "2008.06.24"]
[SourceQuality "1"]

1. d4 Nf6 2. c4 e6 3. Nf3 b6 4. g3 Bb7 5. Bg2 Be7 6. 0-0 0-0 7. Nc3 Ne4 8. Nxe4 Bxe4 9. Bf4 d6 10. Qd2 Nd7 11. Rfd1 h6 12. Rac1 f5 13. Ne1 Bxg2 14. Nxg2 Qe8 15. b4 Nf6 16. Qc2 a6 17. Bd2 Ne4 18. Be1 c5 19. f3 Ng5 20. h4 Nf7 21. Nf4 Nd8 22. dxc5 dxc5 23. Rb1 Rb8 24. a3 e5 25. Nd5 Ne6 26. e3 Kh8 27. Qb2 Bd6 28. b5 f4 29. bxa6 fxe3 30. a7 Rd8 31. Qxb6 1/2-1/2

[Event "IECC CL1-2002.03"]
[Site "IECC email"]
[Date "2002.02.26"]
[Round "?"]
[White "Salai, Josip"]
[Black "Dlugopolski, Dariusz"]
[Result "1/2-1/2"]
[WhiteElo "2159"]
[BlackElo "1982"]
[PlyCount "64"]
[EventDate "2002.??.??"]
[EventType "tourn (corr)"]
[EventRounds "4"]
[SourceTitle "Corr 2008"]
[Source "ChessBase"]
[SourceDate "2008.06.24"]
[SourceVersion "1"]
[SourceVersionDate "2008.06.24"]
[SourceQuality "1"]

1. Nf3 Nf6 2. d4 e6 3. c4 b6 4. g3 Ba6 5. b3 Bb4+ 6. Bd2 Be7 7. Bg2 c6 8. 0-0 d5 9. Ne5 Nfd7 10. Nxd7 Nxd7 11. Bc3 0-0 12. Nd2 Nf6 13. e4 b5 14. Re1 dxe4 15. Qc2 Rb8 16. Rad1 Qc8 17. Bf1 bxc4 18. bxc4 c5 19. Nxe4 cxd4 20. Bxd4 Nxe4 21. Qxe4 Bb7 22. Qg4 g6 23. Qh3 Qc6 24. Bg2 Qxc4 25. Qh6 f6 26. Bxa7 Bxg2 27. Bxb8 Ba8 28. Qc1 Qg4 29. Qe3 Rxb8 30. Qxe6+ Qxe6 31. Rxe6 Kf8 32. a4 Kf7 1/2-1/2

[Event "IECG WC.2005.P.00003 email"]
[Site "IECG email"]
[Date "2002.01.29"]
[Round "?"]
[White "Salai, Josip"]
[Black "Castillo, German"]
[Result "1/2-1/2"]
[WhiteElo "2075"]
[BlackElo "1727"]
[PlyCount "64"]
[EventDate "2002.01.29"]
[EventType "tourn (corr)"]
[EventRounds "12"]
[SourceTitle "Corr 2008"]
[Source "ChessBase"]
[SourceDate "2008.06.24"]
[SourceVersion "1"]
[SourceVersionDate "2008.06.24"]
[SourceQuality "1"]

1. Nf3 d5 2. d4 Nf6 3. c4 c6 4. Nc3 dxc4 5. a4 Bf5 6. e3 e6 7. Bxc4 Bb4 8. 0-0 0-0 9. Qe2 Nbd7 10. e4 Bg6 11. Bd3 Bh5 12. e5 Nd5 13. Nxd5 cxd5 14. Qe3 Be7 15. Ng5 Bxg5 16. Qxg5 Bg6 17. Bxg6 hxg6 18. Qg4 Rc8 19. a5 Qc7 20. b3 Qc2 21. Ba3 Rfe8 22. Bd6 Rc3 23. b4 Rc4 24. h3 Nb8 25. Qd1 Qe4 26. Bc5 a6 27. Re1 Qh4 28. Rc1 Rxc1 29. Qxc1 Rc8 30. Qe3 Nc6 31. f4 Qd8 32. Qg3 Nb8 1/2-1/2

[Event "IECG WC.2005.P.00003 email"]
[Site "IECG email"]
[Date "2002.01.29"]
[Round "?"]
[White "Salai, Josip"]
[Black "Delalleau, Bruno"]
[Result "1-0"]
[WhiteElo "2075"]
[BlackElo "1692"]
[PlyCount "85"]
[EventDate "2002.01.29"]
[EventType "tourn (corr)"]
[EventRounds "12"]
[SourceTitle "Corr 2008"]
[Source "ChessBase"]
[SourceDate "2008.06.24"]
[SourceVersion "1"]
[SourceVersionDate "2008.06.24"]
[SourceQuality "1"]

1. Nf3 Nf6 2. d4 e6 3. c4 b6 4. g3 Bb7 5. Bg2 Be7 6. 0-0 0-0 7. Nc3 Ne4 8. Qc2 Nxc3 9. Qxc3 c5 10. Rd1 d6 11. b3 Bf6 12. Bb2 Qe7 13. Qc2 Nc6 14. e4 e5 15. d5 Nd4 16. Bxd4 exd4 17. Qd3 Rfe8 18. Re1 h6 19. a3 a6 20. Nd2 Rad8 21. Rab1 Qc7 22. Bh3 g6 23. Rb2 Bg7 24. f4 Rb8 25. b4 a5 26. Rf1 axb4 27. axb4 Rf8 28. Nf3 Bc8 29. Bxc8 Rfxc8 30. b5 Ra8 31. Re2 Ra4 32. e5 Rca8 33. f5 Ra3 34. Qe4 dxe5 35. fxg6 f6 36. Nh4 Qd7 37. Nf5 Ra1 38. Ref2 Qd8 39. Rxa1 Rxa1+ 40. Kg2 Ra7 41. d6 Kh8 42. Ne7 Qe8 43. Qc6 1-0

[Event "IECG WC.2005.P.00003 email"]
[Site "IECG email"]
[Date "2002.01.29"]
[Round "?"]
[White "Salai, Josip"]
[Black "Hynes, Thomas F"]
[Result "1-0"]
[WhiteElo "2075"]
[BlackElo "1525"]
[PlyCount "69"]
[EventDate "2002.01.29"]
[EventType "tourn (corr)"]
[EventRounds "12"]
[SourceTitle "Corr 2008"]
[Source "ChessBase"]
[SourceDate "2008.06.24"]
[SourceVersion "1"]
[SourceVersionDate "2008.06.24"]
[SourceQuality "1"]

1. Nf3 Nf6 2. d4 g6 3. g3 Bg7 4. c4 0-0 5. Bg2 d6 6. 0-0 Nbd7 7. Nc3 e5 8. e4 c6 9. h3 Qb6 10. Re1 exd4 11. Nxd4 Re8 12. Nc2 Nc5 13. b4 Ne6 14. Be3 Qc7 15. Qd3 Nd7 16. f4 a5 17. a3 Nb6 18. Red1 Nd7 19. Rac1 axb4 20. axb4 h6 21. Rd2 Nb6 22. f5 Ng5 23. Bf4 Qd7 24. h4 Bxc3 25. Qxc3 Nxe4 26. Bxe4 Rxe4 27. Bxh6 Re5 28. fxg6 fxg6 29. Rcd1 Qe8 30. Rxd6 Bg4 31. Rf1 Kh7 32. Ne3 Bh3 33. Rf8 Qe7 34. Rxa8 Nxa8 35. Qd3 1-0

[Event "IECG RM.2001.0.00004"]
[Site "IECG email"]
[Date "2001.11.28"]
[Round "?"]
[White "Salai, Josip"]
[Black "Lifshitz, Samuel"]
[Result "1/2-1/2"]
[WhiteElo "2047"]
[BlackElo "2303"]
[PlyCount "69"]
[EventDate "2001.11.28"]
[EventType "tourn (corr)"]
[EventRounds "6"]
[SourceTitle "Corr 2008"]
[Source "ChessBase"]
[SourceDate "2008.06.24"]
[SourceVersion "1"]
[SourceVersionDate "2008.06.24"]
[SourceQuality "1"]

1. Nf3 f5 2. g3 Nf6 3. Bg2 g6 4. 0-0 Bg7 5. d4 0-0 6. c4 d6 7. Nc3 Qe8 8. d5 Na6 9. Rb1 Nc5 10. b4 Nce4 11. Bb2 e5 12. dxe6 Bxe6 13. Nxe4 fxe4 14. Nd2 Bf5 15. e3 Qe6 16. Qc2 Rae8 17. b5 Nd7 18. Bxg7 Kxg7 19. Qc3+ Qe5 20. Qa5 Rc8 21. Qxa7 Nc5 22. Qa3 Ra8 23. Qb2 Qxb2 24. Rxb2 Ra4 25. h3 Nd3 26. Rc2 Nb4 27. Rcc1 Rxa2 28. Nxe4 Nd3 29. Ra1 Rb2 30. Ra7 Rb8 31. Ra3 Ne5 32. Rd1 Rf8 33. Ra7 Bxe4 34. Bxe4 Rfxf2 35. Rxb7 1/2-1/2

[Event "LSS RA-2001-0-00004"]
[Site "LSS email"]
[Date "2001.08.20"]
[Round "1"]
[White "Alvebring, Martin"]
[Black "Salai, Josip"]
[Result "1-0"]
[WhiteElo "2173"]
[BlackElo "2045"]
[PlyCount "107"]
[EventDate "2001.08.20"]
[EventType "tourn (corr)"]
[EventRounds "6"]
[EventCountry "GER"]
[SourceTitle "Corr 2024"]
[Source "ChessBase"]
[SourceDate "2023.10.19"]
[SourceVersion "1"]
[SourceVersionDate "2023.10.19"]
[SourceQuality "1"]

1. e4 c6 2. d4 d5 3. Nd2 dxe4 4. Nxe4 Bf5 5. Ng3 Bg6 6. h4 h6 7. Nf3 Nd7 8. h5 Bh7 9. Bd3 Bxd3 10. Qxd3 Ngf6 11. Bd2 e6 12. 0-0-0 Be7 13. Ne4 Nxe4 14. Qxe4 Nf6 15. Qe2 Qd5 16. c4 Qe4 17. Qxe4 Nxe4 18. Be3 0-0 19. Ne5 Rfd8 20. g4 c5 21. f3 cxd4 22. Rxd4 Rxd4 23. Bxd4 Ng5 24. Rf1 Bd6 25. Nd3 b6 26. Kd2 Rd8 27. Ke3 f6 28. f4 Nf7 29. b3 Bxf4+ 30. Rxf4 e5 31. Bxe5 fxe5 32. Rf1 Rd6 33. b4 Rf6 34. Rc1 Kf8 35. c5 bxc5 36. bxc5 Ke7 37. c6 Kd8 38. Nb4 Nd6 39. Nd5 Re6 40. Rc5 Kc8 41. a4 Ne8 42. Ra5 Nf6 43. Nxf6 gxf6 44. Rxa7 Rxc6 45. a5 Rc4 46. Rg7 Ra4 47. Rg6 Rxa5 48. Rxf6 Ra4 49. Kf3 Kd7 50. Rxh6 Ke7 51. Rb6 Ra3+ 52. Ke4 Ra4+ 53. Kf5 Rf4+ 54. Kg5 1-0

[Event "LSS RA-2001-0-00004"]
[Site "LSS email"]
[Date "2001.08.20"]
[Round "1"]
[White "Nyholm, Torbjorn"]
[Black "Salai, Josip"]
[Result "0-1"]
[WhiteElo "2046"]
[BlackElo "2045"]
[PlyCount "84"]
[EventDate "2001.08.20"]
[EventType "tourn (corr)"]
[EventRounds "6"]
[EventCountry "GER"]
[SourceTitle "Corr 2024"]
[Source "ChessBase"]
[SourceDate "2023.10.19"]
[SourceVersion "1"]
[SourceVersionDate "2023.10.19"]
[SourceQuality "1"]

1. e4 c5 2. Nf3 d6 3. d4 cxd4 4. Nxd4 Nf6 5. f3 e5 6. Bb5+ Nbd7 7. Nf5 d5 8. exd5 a6 9. Bxd7+ Qxd7 10. Ne3 b5 11. c4 Bc5 12. Nc3 0-0 13. 0-0 bxc4 14. Kh1 Bxe3 15. Bxe3 Bb7 16. Qe2 Nxd5 17. Nxd5 Bxd5 18. Rfd1 Qe6 19. Rd2 Rfd8 20. Rad1 Rac8 21. h3 h6 22. Qf2 c3 23. bxc3 Rxc3 24. Kh2 Rcc8 25. Bb6 Rd7 26. a4 f5 27. a5 e4 28. fxe4 fxe4 29. Be3 Rc3 30. Qf4 Kh7 31. Bd4 Ra3 32. Bb6 Rf7 33. Qh4 e3 34. Re2 Bc4 35. Rxe3 Rxe3 36. Bxe3 Be2 37. Bxh6 gxh6 38. Re1 Qd6+ 39. Kg1 Rf4 40. g4 Qd4+ 41. Kg2 Qe4+ 42. Kh2 Qe3 0-1

[Event "IECG RA.2001.0.00003"]
[Site "IECG email"]
[Date "2001.07.18"]
[Round "?"]
[White "Salai, Josip"]
[Black "Laczay, Istvan"]
[Result "1-0"]
[WhiteElo "2045"]
[BlackElo "2053"]
[PlyCount "87"]
[EventDate "2001.07.18"]
[EventType "tourn (corr)"]
[EventRounds "6"]
[SourceTitle "Corr 2008"]
[Source "ChessBase"]
[SourceDate "2008.06.24"]
[SourceVersion "1"]
[SourceVersionDate "2008.06.24"]
[SourceQuality "1"]

1. Nf3 c5 2. c4 Nc6 3. Nc3 Nf6 4. g3 d6 5. Bg2 g6 6. 0-0 Bg7 7. d3 0-0 8. a3 h6 9. Rb1 a5 10. Bd2 Bg4 11. h3 Be6 12. Qc1 Kh7 13. Qc2 Qd7 14. Kh2 b6 15. Rfd1 d5 16. Bf4 d4 17. Nb5 Rac8 18. Bd2 g5 19. b4 g4 20. hxg4 Nxg4+ 21. Kg1 axb4 22. axb4 cxb4 23. Bxb4 Rg8 24. Bd2 Nge5 25. Nxe5 Bxe5 26. Kh2 Bg7 27. Rh1 Be5 28. Kg1 Rg6 29. Na3 Qc7 30. Qc1 Bg7 31. Rb5 f5 32. Qb2 Bd7 33. Rxb6 e5 34. Rb7 Qd8 35. e4 dxe3 36. Bxe3 Rd6 37. Qe2 Nd4 38. Qd2 Rc7 39. Qa5 Rc8 40. Qxd8 Rxd8 41. c5 Ra6 42. Nc4 Ne2+ 43. Kh2 f4 44. Re1 1-0

[Event "IECG RA.2001.0.00003"]
[Site "IECG email"]
[Date "2001.07.18"]
[Round "?"]
[White "Salai, Josip"]
[Black "Thomas, Michael Burgin"]
[Result "1-0"]
[WhiteElo "2045"]
[BlackElo "2127"]
[PlyCount "99"]
[EventDate "2001.07.18"]
[EventType "tourn (corr)"]
[EventRounds "6"]
[SourceTitle "Corr 2008"]
[Source "ChessBase"]
[SourceDate "2008.06.24"]
[SourceVersion "1"]
[SourceVersionDate "2008.06.24"]
[SourceQuality "1"]

1. Nf3 Nf6 2. d4 d5 3. c4 e6 4. Nc3 Nbd7 5. e3 c6 6. Bd3 dxc4 7. Bxc4 b5 8. Bd3 Bb7 9. 0-0 a6 10. e4 c5 11. d5 c4 12. Bc2 Qc7 13. dxe6 fxe6 14. Nd4 Nc5 15. Be3 Be7 16. Rc1 0-0 17. f3 Rad8 18. Qe2 e5 19. Nf5 Nd3 20. Bxd3 Rxd3 21. Nxb5 Rxe3 22. Nxc7 Rxe2 23. Nxe7+ Kf7 24. Nf5 Rd8 25. Rf2 Rxf2 26. Kxf2 Rd2+ 27. Ke3 Rxb2 28. Rxc4 Rb6 29. Kd3 g6 30. Ne3 h5 31. Rc5 Nd7 32. Rc2 Rd6+ 33. Ke2 Rc6 34. Rxc6 Bxc6 35. Kd2 Bb7 36. Kc3 Ke7 37. Kb4 Kd6 38. Ncd5 Nb8 39. Ka5 Kc5 40. Nb4 Bc8 41. h4 Be6 42. Ned5 Kd6 43. Kb6 Bd7 44. Nxa6 Nxa6 45. Kxa6 Ba4 46. Kb6 Bc2 47. Nc3 Bd3 48. a4 Bf1 49. a5 Bd3 50. Nb5+ 1-0

[Event "IECG RA.2001.0.00003"]
[Site "IECG email"]
[Date "2001.07.18"]
[Round "?"]
[White "Van Seben, Edgar"]
[Black "Salai, Josip"]
[Result "1/2-1/2"]
[WhiteElo "2029"]
[BlackElo "2045"]
[PlyCount "82"]
[EventDate "2001.07.18"]
[EventType "tourn (corr)"]
[EventRounds "6"]
[SourceTitle "Corr 2008"]
[Source "ChessBase"]
[SourceDate "2008.06.24"]
[SourceVersion "1"]
[SourceVersionDate "2008.06.24"]
[SourceQuality "1"]

1. d4 Nf6 2. c4 e6 3. Nc3 b6 4. e4 Bb7 5. Bd3 Bb4 6. Qc2 Nc6 7. Nf3 Be7 8. a3 d6 9. h3 e5 10. d5 Nb8 11. Be2 Nbd7 12. b4 a5 13. Bb2 Nh5 14. Nxe5 dxe5 15. Bxh5 axb4 16. axb4 Rxa1+ 17. Bxa1 Bxb4 18. 0-0 0-0 19. Bb2 Qh4 20. Bg4 Nf6 21. Bf3 Nd7 22. Nb5 c6 23. Na7 cxd5 24. exd5 Bd6 25. Qf5 Rd8 26. Nb5 Bc5 27. Qg4 Qf6 28. Ra1 h6 29. Ra7 Bc8 30. Rc7 h5 31. Qg3 Ba6 32. Bxh5 Bxb5 33. cxb5 Qf5 34. Bg4 Qb1+ 35. Kh2 Qxb2 36. Bxd7 Bxf2 37. Qg5 Rf8 38. Bf5 e4 39. Bxe4 Bc5 40. Rxc5 bxc5 41. d6 Qxb5 1/2-1/2

[Event "IECG RA.2001.0.00002"]
[Site "IECG email"]
[Date "2001.05.29"]
[Round "?"]
[White "Salai, Josip"]
[Black "Wurschner, Miroslav"]
[Result "1-0"]
[WhiteElo "2000"]
[BlackElo "2108"]
[PlyCount "73"]
[EventDate "2001.04.29"]
[EventType "tourn (corr)"]
[EventRounds "5"]
[SourceTitle "Corr 2008"]
[Source "ChessBase"]
[SourceDate "2008.06.24"]
[SourceVersion "1"]
[SourceVersionDate "2008.06.24"]
[SourceQuality "1"]

1. Nf3 g6 2. d4 Bg7 3. e4 d6 4. Nc3 Nf6 5. h3 0-0 6. Be3 a6 7. a4 b6 8. Bd3 Bb7 9. 0-0 e6 10. Qd2 Nbd7 11. Bh6 e5 12. Bxg7 Kxg7 13. d5 c6 14. dxc6 Bxc6 15. Qe3 Qc7 16. Nd2 d5 17. exd5 Nxd5 18. Nxd5 Bxd5 19. Rfe1 f5 20. Rad1 Rfe8 21. Bc4 Nf6 22. Bxd5 Nxd5 23. Qb3 Rad8 24. Nf3 e4 25. Rxd5 exf3 26. Rxe8 Rxe8 27. gxf3 Qf4 28. Qc3+ Kg8 29. Rd4 Re1+ 30. Qxe1 Qxd4 31. Qe6+ Kg7 32. c3 Qd8 33. Qc4 Kh6 34. Kf1 a5 35. Qd4 Qc7 36. Kg2 Kg5 37. h4+ 1-0

[Event "IECC CL2-2001.20"]
[Site "IECC email"]
[Date "2001.05.26"]
[Round "?"]
[White "Maloberti, David"]
[Black "Salai, Josip"]
[Result "1/2-1/2"]
[WhiteElo "2028"]
[BlackElo "2139"]
[PlyCount "49"]
[EventDate "2001.??.??"]
[EventType "tourn (corr)"]
[EventRounds "4"]
[SourceTitle "Corr 2008"]
[Source "ChessBase"]
[SourceDate "2008.06.24"]
[SourceVersion "1"]
[SourceVersionDate "2008.06.24"]
[SourceQuality "1"]

1. d4 Nf6 2. c4 e6 3. Nf3 b6 4. g3 Ba6 5. Nbd2 Bb7 6. Bg2 c5 7. e4 cxd4 8. Nxd4 Bc5 9. N4b3 Be7 10. f4 0-0 11. 0-0 Qc7 12. e5 Ne8 13. Nd4 Bxg2 14. Kxg2 Nc6 15. Nxc6 dxc6 16. b3 a5 17. Bb2 Rd8 18. Qe2 Qb7 19. Ne4 Nc7 20. Rfd1 Na6 21. Kh3 Nc5 22. Nxc5 Bxc5 23. Rd2 Be7 24. Rad1 Rxd2 25. Qxd2 1/2-1/2

[Event "IECC CL2-2001.20"]
[Site "IECC email"]
[Date "2001.05.26"]
[Round "?"]
[White "Salai, Josip"]
[Black "Vujanovic, Aleksandar"]
[Result "1/2-1/2"]
[WhiteElo "2134"]
[BlackElo "2111"]
[PlyCount "41"]
[EventDate "2001.??.??"]
[EventType "tourn (corr)"]
[EventRounds "4"]
[SourceTitle "Corr 2008"]
[Source "ChessBase"]
[SourceDate "2008.06.24"]
[SourceVersion "1"]
[SourceVersionDate "2008.06.24"]
[SourceQuality "1"]

1. Nf3 d5 2. d4 Nf6 3. c4 c6 4. Nc3 e6 5. e3 Nbd7 6. Bd3 dxc4 7. Bxc4 b5 8. Bd3 a6 9. e4 c5 10. e5 cxd4 11. Nxb5 Nxe5 12. Nxe5 axb5 13. Bxb5+ Bd7 14. Nxd7 Qa5+ 15. Bd2 Qxb5 16. Nxf8 Rxf8 17. a4 Qc4 18. b3 Qd3 19. Qf3 Qe4+ 20. Qxe4 Nxe4 21. f3 1/2-1/2

[Event "IECC CL2-2001.19"]
[Site "IECC email"]
[Date "2001.05.21"]
[Round "?"]
[White "Sandford, Marlon"]
[Black "Salai, Josip"]
[Result "0-1"]
[WhiteElo "1852"]
[BlackElo "2131"]
[PlyCount "46"]
[EventDate "2001.??.??"]
[EventType "tourn (corr)"]
[EventRounds "4"]
[SourceTitle "Corr 2008"]
[Source "ChessBase"]
[SourceDate "2008.06.24"]
[SourceVersion "1"]
[SourceVersionDate "2008.06.24"]
[SourceQuality "1"]

1. e4 c6 2. d4 d5 3. e5 Bf5 4. Nc3 e6 5. g4 Bg6 6. Nge2 c5 7. h4 h6 8. Nf4 Bh7 9. Be3 cxd4 10. Bxd4 Nc6 11. Bb5 a6 12. Bxc6+ bxc6 13. Na4 Qa5+ 14. c3 c5 15. Be3 Rb8 16. b3 Qc7 17. Ne2 Rb5 18. f4 f6 19. Nb2 Rb7 20. Na4 Rb5 21. Nb2 fxe5 22. c4 Rb7 23. cxd5 Nf6 0-1

[Event "IECG RB.2001.0.00001"]
[Site "IECG email"]
[Date "2001.04.29"]
[Round "?"]
[White "Brajnikov, Gennadii"]
[Black "Salai, Josip"]
[Result "0-1"]
[WhiteElo "1955"]
[BlackElo "1995"]
[PlyCount "62"]
[EventDate "2001.04.29"]
[EventType "tourn (corr)"]
[EventRounds "6"]
[SourceTitle "Corr 2008"]
[Source "ChessBase"]
[SourceDate "2008.06.24"]
[SourceVersion "1"]
[SourceVersionDate "2008.06.24"]
[SourceQuality "1"]

1. d4 Nf6 2. c4 e6 3. Nc3 Bb4 4. Qc2 0-0 5. a3 Bxc3+ 6. Qxc3 b6 7. Bg5 Bb7 8. e3 d6 9. Nf3 Nbd7 10. Nd2 e5 11. f3 h6 12. Bh4 Re8 13. 0-0-0 a6 14. Bf2 d5 15. Kb1 c5 16. dxe5 Nxe5 17. cxd5 Nxd5 18. Qc2 Qf6 19. Ne4 Qc6 20. Be2 Rad8 21. Rhe1 c4 22. Rd4 b5 23. Rc1 a5 24. f4 Nd7 25. Bf3 N7b6 26. Nd2 Qc7 27. Rd1 Rc8 28. Re4 Rxe4 29. Nxe4 b4 30. Rd4 c3 31. bxc3 Nc4 0-1

[Event "IECG RB.2001.0.00001"]
[Site "IECG email"]
[Date "2001.04.29"]
[Round "?"]
[White "Krensing, Jan"]
[Black "Salai, Josip"]
[Result "1-0"]
[WhiteElo "1887"]
[BlackElo "1995"]
[PlyCount "57"]
[EventDate "2001.04.29"]
[EventType "tourn (corr)"]
[EventRounds "6"]
[SourceTitle "Corr 2008"]
[Source "ChessBase"]
[SourceDate "2008.06.24"]
[SourceVersion "1"]
[SourceVersionDate "2008.06.24"]
[SourceQuality "1"]

1. d4 Nf6 2. c4 e6 3. Nc3 Bb4 4. e3 0-0 5. Bd3 c5 6. Nge2 d5 7. 0-0 cxd4 8. exd4 dxc4 9. Bxc4 Nc6 10. Bg5 Be7 11. a3 a6 12. Ba2 b6 13. Qd3 Bb7 14. Rad1 Re8 15. Bb1 g6 16. Ba2 b5 17. Rfe1 Nd5 18. Bh6 Bf6 19. Ne4 Nce7 20. Nxf6+ Nxf6 21. Bg5 Nfd5 22. Ng3 Qb6 23. Ne4 Rec8 24. Qh3 h5 25. Bxe7 Nxe7 26. Nf6+ Kg7 27. Qg3 Nf5 28. Qe5 Kh6 29. d5 1-0